Baisers de cinema par image - Statistiques

Statistiques générales
  • Ce quiz a été pris 401 fois
  • Le résultat moyen est 10 sur 18
Statistiques - réponses
Par images Réponse % Correct
Titanic
100%
Cars
97%
E.T.
97%
Harry Potter
97%
Belle et le clochard
95%
Spiderman
95%
Star Wars
91%
Pirates des Caraibes
62%
The notebook
52%
Le parrain 2
46%
BrokeBack Mountain
35%
Chantons sous la pluie
33%
Casablanca
29%
Crazy Stupid Love
25%
Le nom de la rose
8%
Match Point
7%
Girl Next Door
6%
La mandoline du Capitaine Corelli
1%
Aucun quiz correspondant
Distribution des résultats
% des personnes avec chaque résultat
Percentile par nombre de réponses
Votre historique - résultats
Vous n’avez pas pris ce quiz